00470nam a22001692 4500001001100000005001700011008004100028020001700069040001500086100003000101245005700131250001300188260003200201300001100233650005300244852000300297000001327720151217155856.0090726s xx 000 0 eng d a9966082670 : aKABUcKABU1 aCozza, Peter.@000017043710aKunda :bthe story of a child solder /cPeter Cozza. a1st ed. aNairobi :bPaulines,c2007. a80 p. 0aHistorical fiction, Uganda (English)@00001704381